[Event "15th Asian Continental"]
[Site "Tashkent UZB"]
[Date "2016.05.28"]
[Round "3.1"]
[White "Le, Quang Liem"]
[Black "Kazhgaleyev, Murtas"]
[Result "1-0"]
[WhiteTitle "GM"]
[BlackTitle "GM"]
[WhiteElo "2718"]
[BlackElo "2582"]
[WhiteFideId "12401137"]
[BlackFideId "13700316"]
[EventDate "2016.05.26"]

1. d4 d5 2. c4 dxc4 3. Nf3 Nf6 4. e3 Bg4 5. Bxc4 e6 6. Nc3 Nc6 7. h3 Bh5 8. Bb5
Bd6 9. e4 Bb4 10. Qa4 O-O 11. Bxc6 Bxc3+ 12. bxc3 bxc6 13. Nd2 e5 14. O-O exd4
15. cxd4 Be2 16. Re1 Bb5 17. Qc2 Qxd4 18. Bb2 Qa4 19. Qc1 Nd7 20. Re3 Rad8 21.
Bxg7 Kxg7 22. Qb2+ f6 23. Rg3+ Kh8 24. Ra3 Qxa3 25. Qxa3 Ne5 26. Nf3 Nd3 27.
Qxa7 Rf7 28. a4 Bc4 29. Rb1 c5 30. a5 Kg7 31. Rb7 Rc8 32. Nh4 Be6 33. Qa6 Nf4
34. Qc6 c4 35. Kh2 1-0

[Event "15th Asian Continental"]
[Site "Tashkent UZB"]
[Date "2016.05.28"]
[Round "3.3"]
[White "Ghaem Maghami, Ehsan"]
[Black "Vidit, Santosh Gujrathi"]
[Result "1-0"]
[WhiteTitle "GM"]
[BlackTitle "GM"]
[WhiteElo "2551"]
[BlackElo "2658"]
[WhiteFideId "12500739"]
[BlackFideId "5029465"]
[EventDate "2016.05.26"]

1. Nf3 d5 2. d4 Bf5 3. c4 e6 4. Nc3 Nc6 5. a3 Nf6 6. cxd5 Nxd5 7. e3 Bd6 8. Bd2
Nf6 9. Bb5 O-O 10. Qe2 Ne4 11. Nxe4 Bxe4 12. Bc3 f5 13. O-O f4 14. Bd3 Bxd3 15.
Qxd3 fxe3 16. fxe3 Qe8 17. e4 Qg6 18. Rae1 a6 19. Qc4 Rf4 20. d5 exd5 21. Qxd5+
Qf7 22. g3 Rxf3 23. Rxf3 Qxd5 24. exd5 Ne7 25. Rd3 Rd8 26. Kg2 Rd7 27. Re4 Bc5
28. Re5 h6 29. Rd2 Bd6 30. Re4 Bc5 31. b4 Ba7 32. Bd4 Bxd4 33. Rexd4 Nf5 34.
R4d3 Re7 35. Rc3 Kf7 36. g4 Nd6 37. Rdc2 Nb5 38. Rd3 Ke8 39. Kf3 Kd7 40. Re2
Rf7+ 41. Kg3 Rf1 42. a4 Nd6 43. Rde3 g5 44. Re7+ Kd8 45. Rh7 Rf4 46. Rxh6 Rxb4
47. Rh8+ Kd7 48. Rh7+ Kd8 49. Rc2 Ne4+ 50. Kf3 Nf6 51. Rhxc7 Rf4+ 52. Ke2 Rxg4
53. Rxb7 Nxd5 54. Rc5 Rd4 55. a5 g4 56. Rc6 Re4+ 57. Kf2 Nb4 58. Rh6 Re5 1-0

[Event "15th Asian Continental"]
[Site "Tashkent UZB"]
[Date "2016.05.28"]
[Round "3.4"]
[White "Ganguly, Surya Shekhar"]
[Black "Gao, Rui"]
[Result "1/2-1/2"]
[WhiteTitle "GM"]
[BlackTitle "GM"]
[WhiteElo "2654"]
[BlackElo "2556"]
[WhiteFideId "5002150"]
[BlackFideId "8602387"]
[EventDate "2016.05.26"]

1. e4 c5 2. Nf3 d6 3. d4 cxd4 4. Qxd4 Nc6 5. Bb5 Bd7 6. Bxc6 Bxc6 7. Nc3 Nf6 8.
Bg5 e6 9. O-O-O Be7 10. Qd3 Qa5 11. h4 h6 12. Bxf6 Bxf6 13. Nd4 Rd8 14. Qe3 Qb6
15. Rh3 Bxd4 16. Rxd4 e5 17. Rd1 Qxe3+ 18. Rxe3 h5 19. Rg3 g6 20. b4 b6 21. Kb2
Ke7 22. Nd5+ Bxd5 23. Rxd5 Rc8 24. Kb3 Rc6 25. a4 Rhc8 26. c3 Rc4 27. Re3 a6 28.
Red3 R8c7 29. f3 Rc8 30. Kb2 R8c7 31. g3 f6 32. Kb3 Rc8 33. Re3 Ke6 34. Rd1 f5
35. Red3 Ke7 36. Kb2 Rd8 37. Re1 Ke6 38. Kb3 Rdc8 39. Re2 R8c7 40. Red2 Ke7 41.
Re2 Ke6 42. Red2 Ke7 43. Re2 1/2-1/2

[Event "15th Asian Continental"]
[Site "Tashkent UZB"]
[Date "2016.05.28"]
[Round "3.5"]
[White "Sethuraman, S.P."]
[Black "Aravindh, Chithambaram VR."]
[Result "1/2-1/2"]
[WhiteTitle "GM"]
[BlackTitle "GM"]
[WhiteElo "2647"]
[BlackElo "2528"]
[WhiteFideId "5021596"]
[BlackFideId "5072786"]
[EventDate "2016.05.26"]

1. c4 Nf6 2. Nc3 e5 3. g3 d5 4. cxd5 Nxd5 5. Bg2 Be6 6. Nf3 Nc6 7. O-O Nb6 8. a4
Bb4 9. a5 Nxa5 10. Nxe5 c6 11. d4 O-O 12. Bf4 Nb3 13. d5 Nxd5 14. Qxb3 Bxc3 15.
Bxd5 Bxe5 16. Bxe6 Bxf4 17. Bc4 b5 18. gxf4 bxc4 19. Qxc4 Rb8 20. b3 Qe7 21. Ra4
Rb5 22. Rfa1 Qh4 23. Ra5 h6 24. Rxb5 1/2-1/2

[Event "15th Asian Continental"]
[Site "Tashkent UZB"]
[Date "2016.05.28"]
[Round "3.6"]
[White "Salem, A.R. Saleh"]
[Black "Igonin, Temur"]
[Result "1/2-1/2"]
[WhiteTitle "GM"]
[BlackTitle "FM"]
[WhiteElo "2625"]
[BlackElo "2474"]
[WhiteFideId "9301348"]
[BlackFideId "14203049"]
[EventDate "2016.05.26"]

1. e4 e5 2. Nf3 Nf6 3. Nxe5 d6 4. Nf3 Nxe4 5. d4 d5 6. Bd3 Be7 7. O-O Nc6 8. c4
Nf6 9. h3 Nb4 10. Be2 dxc4 11. Bxc4 O-O 12. Nc3 c6 13. Re1 Nbd5 14. Bg5 Be6 15.
Qb3 Qb6 16. Nxd5 cxd5 17. Qxb6 axb6 18. Bb3 Bb4 19. Bd2 Bd6 20. Ne5 Ne4 21. Bf4
g5 22. Bc1 h6 23. h4 Bb4 24. Re2 Kg7 25. hxg5 hxg5 26. Nf3 g4 27. Ng5 Nxg5 28.
Bxg5 Bd6 29. Rae1 Rh8 30. Rxe6 fxe6 31. Rxe6 Bh2+ 32. Kf1 Raf8 33. Rxb6 Bf4 34.
Rxb7+ Kg6 35. Be7 Rh1+ 36. Ke2 Rc8 37. Bc5 Re8+ 38. Re7 Rxe7+ 39. Bxe7 Rc1 40.
a4 Bc7 41. Bb4 Kf6 42. Bc3 Ke6 43. g3 Kd6 44. Bd1 Bd8 45. Bd2 Rb1 46. b3 Kc6 47.
Bc2 Ra1 48. Bg6 Ra2 49. Kd3 Bb6 50. Be8+ Kb7 51. Be3 Ba5 52. Bd7 Rb2 53. Bxg4
Rxb3+ 54. Ke2 Rb2+ 55. Kf3 Rb4 56. Kf4 Kc6 57. Ke5 Bc7+ 58. Ke6 Bb6 59. Bf3 Bxd4
60. Bxd5+ Kc5 61. Bxd4+ Rxd4 62. Bb7 Rb4 63. Bc8 Rxa4 64. Ke5 Kc6 65. g4 Kc7 66.
Be6 Kd8 67. g5 Ke7 68. Bd5 Kf8 69. f4 Kg7 70. f5 Rg4 71. f6+ Kg6 72. Ke6 Kxg5
73. f7 Rf4 74. Ke7 Rxf7+ 75. Ke6 1/2-1/2

[Event "15th Asian Continental"]
[Site "Tashkent UZB"]
[Date "2016.05.28"]
[Round "3.7"]
[White "Wen, Yang"]
[Black "Firman Syah, Farid"]
[Result "1-0"]
[WhiteTitle "GM"]
[BlackTitle "IM"]
[WhiteElo "2611"]
[BlackElo "2432"]
[WhiteFideId "8602956"]
[BlackFideId "7102526"]
[EventDate "2016.05.26"]

1. d4 d5 2. Nf3 Nf6 3. c4 dxc4 4. e3 a6 5. Bxc4 e6 6. O-O c5 7. dxc5 Qxd1 8.
Rxd1 Bxc5 9. b3 Nc6 10. Bb2 Bd7 11. Nbd2 Be7 12. Be2 O-O 13. Nc4 Rad8 14. Nb6
Be8 15. Nd2 Nb4 16. a3 Nbd5 17. Nbc4 Bb5 18. Kf1 Nd7 19. a4 Bxc4 20. bxc4 Nb4
21. Nb3 Nc5 22. Nxc5 Bxc5 23. a5 Nc6 24. Bc3 Rxd1+ 25. Rxd1 Rd8 26. Rb1 Rd7 27.
Bf3 Nd8 28. Ke2 f6 29. h4 Kf7 30. g4 Rc7 31. Be4 h6 32. f4 Be7 33. Kd3 Rd7+ 34.
Ke2 Rc7 35. Bd3 Nc6 36. h5 Bd8 37. Be4 Be7 38. Bxc6 Rxc6 39. Rxb7 Rxc4 40. Kd3
Ra4 41. Ra7 e5 42. f5 Ke8 43. e4 Bb4 44. Bxb4 Rxb4 45. Rxa6 Rd4+ 46. Ke3 Ra4 47.
Ra8+ Ke7 48. a6 Kf7 49. Kd3 Rd4+ 50. Kc3 Rxe4 51. Rb8 Ra4 52. Rb7+ Kg8 53. a7
Kh7 54. Kb3 Ra1 55. Kc4 e4 56. Kd4 1-0

[Event "15th Asian Continental"]
[Site "Tashkent UZB"]
[Date "2016.05.28"]
[Round "3.9"]
[White "Munkhgal, Gombosuren"]
[Black "Ni, Hua"]
[Result "1/2-1/2"]
[WhiteTitle "IM"]
[BlackTitle "GM"]
[WhiteElo "2445"]
[BlackElo "2682"]
[WhiteFideId "4901266"]
[BlackFideId "8601160"]
[EventDate "2016.05.26"]

1. d4 Nf6 2. c4 e6 3. Nc3 Bb4 4. Qc2 d5 5. cxd5 exd5 6. Bg5 c5 7. Nf3 h6 8. Bxf6
Qxf6 9. e3 O-O 10. dxc5 Be6 11. a3 Bxc3+ 12. Qxc3 Qxc3+ 13. bxc3 Rc8 14. Nd4
Rxc5 15. Kd2 Nd7 16. Bd3 Rac8 17. Rhc1 Kf8 18. Rab1 b6 19. f4 Nf6 20. h3 h5 21.
Rb4 Bd7 22. Nb3 R5c7 23. f5 Ke7 24. Rh4 Kd6 25. Nd4 a5 26. g4 b5 27. g5 Ne4+ 28.
Bxe4 dxe4 29. Rxe4 b4 30. axb4 axb4 31. h4 bxc3+ 32. Kd3 c2 33. f6 gxf6 34. gxf6
Rc5 35. Re7 Be6 36. Rxc2 Rxc2 37. Nxc2 Ke5 38. Nd4 Kxf6 39. Ra7 Bc4+ 40. Kd2 Be6 1/2-1/2

[Event "15th Asian Continental"]
[Site "Tashkent UZB"]
[Date "2016.05.28"]
[Round "3.10"]
[White "Abdyjapar, Asyl"]
[Black "Nguyen, Ngoc Truong Son"]
[Result "1/2-1/2"]
[WhiteTitle "IM"]
[BlackTitle "GM"]
[WhiteElo "2388"]
[BlackElo "2636"]
[WhiteFideId "13800337"]
[BlackFideId "12401110"]
[EventDate "2016.05.26"]

1. d4 d5 2. c4 e6 3. cxd5 exd5 4. Nc3 c6 5. Nf3 Bd6 6. Qc2 Ne7 7. Bg5 h6 8. Bh4
Qa5 9. e3 Bf5 10. Bd3 Bxd3 11. Qxd3 Qa6 12. Qxa6 Nxa6 13. O-O-O Nf5 14. Bg3 Nxg3
15. hxg3 Nc7 16. g4 Ne6 17. g5 h5 18. Rh3 O-O-O 19. Rdh1 g6 20. g4 Ng7 21. gxh5 1/2-1/2

[Event "15th Asian Continental"]
[Site "Tashkent UZB"]
[Date "2016.05.28"]
[Round "3.11"]
[White "Lalith, Babu M R"]
[Black "Mosadeghpour, Masoud"]
[Result "1-0"]
[WhiteTitle "GM"]
[BlackTitle "IM"]
[WhiteElo "2579"]
[BlackElo "2481"]
[WhiteFideId "5024595"]
[BlackFideId "12519278"]
[EventDate "2016.05.26"]

1. Nf3 Nf6 2. c4 g6 3. Nc3 d5 4. cxd5 Nxd5 5. Qb3 Nb6 6. d4 Bg7 7. Bf4 Be6 8.
Qa3 Nc6 9. e3 O-O 10. Be2 a5 11. Rc1 Nb4 12. b3 Bg4 13. O-O Bxf3 14. Bxf3 c6 15.
Rfd1 f5 16. Qb2 e6 17. Qd2 g5 18. Bg3 Qe7 19. h3 Rfd8 20. a3 Na6 21. Nb1 Nc7 22.
Qe1 e5 23. Rc5 e4 24. Be2 Ncd5 25. Bc4 f4 26. Bh2 fxe3 27. fxe3 Nxc4 28. Rxc4 g4
29. Qg3 Rf8 30. Re1 gxh3 31. Qxh3 Rf7 32. Nd2 Raf8 33. Be5 Bxe5 34. dxe5 Qxe5
35. Rxe4 Qc3 36. Rd4 Re8 37. Qh4 Nxe3 38. Rd8 Rff8 39. Rd7 Qc2 40. Qg3+ Qg6 41.
Rxe3 1-0

[Event "15th Asian Continental"]
[Site "Tashkent UZB"]
[Date "2016.05.28"]
[Round "3.12"]
[White "Bai, Jinshi"]
[Black "Bilguun, Sumiya"]
[Result "1/2-1/2"]
[WhiteTitle "GM"]
[BlackTitle "FM"]
[WhiteElo "2567"]
[BlackElo "2395"]
[WhiteFideId "8602280"]
[BlackFideId "4901541"]
[EventDate "2016.05.26"]

1. d4 d5 2. c4 e6 3. Nf3 c6 4. Nbd2 f5 5. g3 Nf6 6. Bg2 Bd6 7. O-O O-O 8. b3
Nbd7 9. Bb2 Ne4 10. Rc1 Qf6 11. e3 Qe7 12. Ne1 Ndf6 13. Nd3 Bd7 14. f3 Nxd2 15.
Qxd2 Be8 16. Bc3 Bg6 17. Bb4 Bxb4 18. Qxb4 Qxb4 19. Nxb4 f4 20. Bh3 fxe3 21.
Bxe6+ Kh8 22. Rfe1 a5 23. Nc2 dxc4 24. bxc4 Bxc2 25. Rxc2 Rad8 26. Rxe3 Rxd4 27.
Rb2 Re8 28. f4 g6 29. Re5 Nd7 30. Bxd7 Rxe5 31. fxe5 Rxd7 32. Kf2 Re7 33. Kf3
Rxe5 34. Rxb7 Rc5 35. Ra7 Rxc4 36. Rxa5 Rc2 37. h4 Kg7 38. g4 h5 39. gxh5 gxh5
40. a4 Rc4 41. Kg3 Kf6 42. Rxh5 Rxa4 43. Rh6+ Kf5 44. Rxc6 Ra3+ 45. Kg2 Kg4 46.
Rc4+ Kh5 47. Re4 Rb3 48. Rc4 Ra3 49. Re4 Rb3 50. Rc4 Ra3 1/2-1/2

[Event "15th Asian Continental"]
[Site "Tashkent UZB"]
[Date "2016.05.29"]
[Round "4.1"]
[White "Wen, Yang"]
[Black "Le, Quang Liem"]
[Result "1/2-1/2"]
[WhiteTitle "GM"]
[BlackTitle "GM"]
[WhiteElo "2611"]
[BlackElo "2718"]
[WhiteFideId "8602956"]
[BlackFideId "12401137"]
[EventDate "2016.05.26"]

1. d4 Nf6 2. Nf3 d5 3. c4 c6 4. cxd5 cxd5 5. Nc3 Nc6 6. Bf4 Bf5 7. e3 e6 8. Qb3
Bb4 9. Bb5 O-O 10. Bxc6 Bxc3+ 11. Qxc3 Rc8 12. Ne5 Ng4 1/2-1/2

[Event "15th Asian Continental"]
[Site "Tashkent UZB"]
[Date "2016.05.29"]
[Round "4.3"]
[White "Kasimdzhanov, Rustam"]
[Black "Lalith, Babu M R"]
[Result "1-0"]
[WhiteTitle "GM"]
[BlackTitle "GM"]
[WhiteElo "2703"]
[BlackElo "2579"]
[WhiteFideId "14200244"]
[BlackFideId "5024595"]
[EventDate "2016.05.26"]

1. e4 e5 2. Bc4 Nf6 3. d3 Nc6 4. Nf3 Bc5 5. O-O d6 6. c3 a6 7. a4 Ba7 8. Na3 h6
9. Nc2 O-O 10. Be3 Bxe3 11. Nxe3 Re8 12. a5 Be6 13. Bxe6 Rxe6 14. Qb3 Rb8 15.
Rfe1 Qd7 16. Nd5 Ne7 17. d4 Nfxd5 18. exd5 Rg6 19. g3 Qg4 20. Nd2 c6 21. Ra4
Nxd5 22. dxe5 Qd7 23. exd6 Rxd6 24. Rae4 Qc7 25. Re8+ Rxe8 26. Rxe8+ Kh7 27. Ne4
Rg6 28. Qa3 Qf4 29. Qf8 Rg4 30. Kg2 Qc1 31. Qg8+ Kg6 32. Re6+ f6 33. h3 Ne3+ 34.
Kf3 Qd1+ 35. Kxe3 Qe1+ 36. Kf3 1-0

[Event "15th Asian Continental"]
[Site "Tashkent UZB"]
[Date "2016.05.29"]
[Round "4.4"]
[White "Aravindh, Chithambaram VR."]
[Black "Ganguly, Surya Shekhar"]
[Result "0-1"]
[WhiteTitle "GM"]
[BlackTitle "GM"]
[WhiteElo "2528"]
[BlackElo "2654"]
[WhiteFideId "5072786"]
[BlackFideId "5002150"]
[EventDate "2016.05.26"]

1. e4 c5 2. Nf3 e6 3. d4 cxd4 4. Nxd4 Nc6 5. Nc3 Qc7 6. Be2 Nf6 7. O-O Be7 8.
Kh1 O-O 9. f4 d6 10. Be3 Nxd4 11. Qxd4 b6 12. Qd3 Bb7 13. Bd4 Nd7 14. Qg3 Bf6
15. Bxf6 Nxf6 16. Bd3 d5 17. e5 Ne4 18. Qh4 f6 19. Nb5 Qc5 20. Nd6 Bc6 21. Qh3
f5 22. Bxe4 dxe4 23. c4 a5 24. Rae1 Ra7 25. Re3 a4 26. Rfe1 Qd4 27. R3e2 Rb8 28.
Qa3 h6 29. b4 g5 30. Qc1 e3 31. Rxe3 gxf4 32. R3e2 f3 33. Qxh6 fxg2+ 34. Rxg2+
Bxg2+ 35. Kxg2 Qg4+ 36. Kf2 Rg7 37. Qxe6+ Kh7 38. Nxf5 Qf4+ 39. Ke2 Rg2+ 40. Kd3
Rd8+ 0-1

[Event "15th Asian Continental"]
[Site "Tashkent UZB"]
[Date "2016.05.29"]
[Round "4.5"]
[White "Gao, Rui"]
[Black "Sethuraman, S.P."]
[Result "1/2-1/2"]
[WhiteTitle "GM"]
[BlackTitle "GM"]
[WhiteElo "2556"]
[BlackElo "2647"]
[WhiteFideId "8602387"]
[BlackFideId "5021596"]
[EventDate "2016.05.26"]

1. e4 e6 2. d4 d5 3. Nd2 c5 4. exd5 Qxd5 5. Ngf3 cxd4 6. Bc4 Qd7 7. Nb3 Nc6 8.
Nbxd4 Nxd4 9. Qxd4 Qxd4 10. Nxd4 a6 11. Bf4 Nf6 12. Be2 Nd5 13. Bg3 b5 14. O-O
Be7 15. c3 Bb7 16. Bf3 Rc8 17. Rfe1 g6 18. Nb3 Ba8 19. Rad1 Nb6 20. Bxa8 Rxa8
21. Be5 O-O 22. Na5 Rfc8 23. g3 Nd5 24. Bd4 Bd8 25. Nb7 Be7 26. Na5 Bd8 27. Nb7
Rc6 28. Nc5 Be7 29. Nd3 f6 30. f4 Rd8 31. Bf2 Kf7 32. Re4 a5 33. Rd4 Rdc8 34. g4
Nb6 35. g5 Ke8 36. gxf6 Bxf6 37. Re4 Na4 38. Bd4 Ke7 39. Bxf6+ Kxf6 40. Rd4 Rc4
41. Rd6 R4c6 42. Rd4 Rc4 43. Rd6 R4c6 1/2-1/2

[Event "15th Asian Continental"]
[Site "Tashkent UZB"]
[Date "2016.05.29"]
[Round "4.6"]
[White "Gundavaa, Bayarsaikhan"]
[Black "Salem, A.R. Saleh"]
[Result "1/2-1/2"]
[WhiteTitle "GM"]
[BlackTitle "GM"]
[WhiteElo "2499"]
[BlackElo "2625"]
[WhiteFideId "4901045"]
[BlackFideId "9301348"]
[EventDate "2016.05.26"]

1. e4 c5 2. Nf3 d6 3. Bb5+ Nd7 4. O-O a6 5. Bd3 Ngf6 6. a4 b6 7. Na3 e6 8. c3
Bb7 9. Re1 Be7 10. Bc2 O-O 11. d3 Re8 12. h3 b5 13. Bf4 e5 14. Bg5 Qb6 15. d4 h6
16. Bh4 Rac8 17. axb5 axb5 18. dxe5 Nxe5 19. Qe2 c4 20. Rad1 Ng6 21. Qe3 Rc5 22.
Bg3 Bf8 23. Qd4 Ne5 24. Nd2 Rec8 25. Nf1 b4 26. cxb4 Qxb4 27. Ne3 Nc6 28. Qc3
Qxc3 29. bxc3 Ne5 30. Rd4 Nd3 31. Rb1 Bxe4 32. Naxc4 Nxf2 33. Nb6 Bxc2 34. Nxc2
N2e4 35. Nxc8 Nxg3 36. Rb8 Ne2+ 37. Kh2 Nxd4 38. Nxd4 Nd7 39. Ra8 Kh7 40. Nb6
Nxb6 41. Rxf8 Rc7 42. Rd8 Rd7 43. Rxd7 Nxd7 44. Nf5 d5 45. Ne7 Nf6 46. Kg3 Ne4+
47. Kf4 Nxc3 48. Ke3 g5 49. Kd3 Ne4 50. Nxd5 Ng3 51. Ke3 h5 52. Kf3 h4 53. Kg4
Kg6 54. Ne7+ Kf6 55. Ng8+ Kg7 56. Ne7 f6 57. Nd5 Kf7 58. Nc7 Ke7 59. Nb5 Ke6 60.
Nd4+ Kf7 61. Nc6 Nf1 62. Kf3 Ke6 63. Kf2 Ng3 64. Kf3 Kd6 65. Nd4 Kd5 66. Nb5 Ke5
67. Na3 Nf5 68. Nc4+ Kd4 69. Nb6 Ng3 70. Kg4 Ke5 71. Nd7+ Ke6 72. Nc5+ Kd6 73.
Nd3 Kd5 74. Ne1 Ke6 75. Nf3 Ne4 76. Nd4+ Kd5 77. Nf3 Ke6 78. Nd4+ Kf7 79. Nf5
Kg6 80. Ne7+ Kg7 81. Nf5+ Kf7 82. Kf3 Nd2+ 83. Ke3 Nc4+ 84. Kd4 Ne5 85. Ke4 Ng6
86. Nd4 Nf4 87. Kf3 Kg6 88. Nc2 Nh5 89. Ne3 Ng3 90. Nc4 f5 91. Ne5+ Kf6 92. Nd7+
Ke7 93. Ne5 Ke6 94. Nc4 Kd5 95. Ne3+ Ke6 96. Nc2 Ke5 97. Nb4 Kd6 98. Nc2 Kc5 99.
Ne3 Kd4 100. Nc2+ Kc3 101. Ne3 Kd3 102. Nd5 Kd2 103. Kf2 Ne4+ 104. Kf1 Kd3 105.
Ne7 Nd6 106. Nd5 Ke4 107. Nc3+ Kf4 108. Ne2+ Ke3 109. Nc3 Nc4 110. Nd5+ Ke4 111.
Ne7 Ne5 112. Kf2 Nc4 113. Ke2 Na5 114. Kf2 Nc4 115. Ke2 Ne5 116. Kf2 g4 117.
hxg4 fxg4 118. Kg1 g3 119. Kf1 Nc4 120. Ng6 Ne3+ 121. Kg1 Nf5 122. Kf1 Kd3 123.
Kg1 Kd2 124. Kf1 Kd1 125. Kg1 Ke1 126. Ne5 Nd4 127. Nd3+ Kd2 128. Ne5 Ke2 129.
Ng6 Ke1 130. Nxh4 Ne2+ 131. Kh1 Kf2 132. Nf5 1/2-1/2

[Event "15th Asian Continental"]
[Site "Tashkent UZB"]
[Date "2016.05.29"]
[Round "4.7"]
[White "Ni, Hua"]
[Black "Igonin, Temur"]
[Result "1-0"]
[WhiteTitle "GM"]
[BlackTitle "FM"]
[WhiteElo "2682"]
[BlackElo "2474"]
[WhiteFideId "8601160"]
[BlackFideId "14203049"]
[EventDate "2016.05.26"]

1. d4 d5 2. Bf4 Nf6 3. e3 c5 4. Nf3 Nc6 5. Nbd2 cxd4 6. exd4 Qb6 7. Nb3 Bg4 8.
h3 Bxf3 9. Qxf3 e6 10. c3 a5 11. Rb1 Be7 12. Bd3 O-O 13. O-O a4 14. Nd2 Rad8 15.
Rfe1 Ne8 16. h4 Bd6 17. Bg5 Be7 18. Bc2 Qa5 19. Qd1 b5 20. Nf3 Bxg5 21. hxg5 g6
22. Nh2 Qc7 23. Qe2 Rb8 24. g3 Nd8 25. Bd3 b4 26. c4 Nc6 27. cxd5 exd5 28. Qg4
Qb6 29. Nf3 Ng7 30. Rbc1 Rbd8 31. Kg2 f5 32. Qh4 Rde8 33. Rxe8 Nxe8 34. Qf4 Qb7
35. Rc5 Ne7 36. Qe5 Rf7 37. Bb5 Ng7 38. Bxa4 Qa6 39. Bb3 Ne6 40. Rxd5 Nxd5 41.
Qxd5 Kf8 42. Qxe6 Qxe6 43. Bxe6 Rc7 44. Bb3 Rc1 45. Ne5 1-0

[Event "15th Asian Continental"]
[Site "Tashkent UZB"]
[Date "2016.05.29"]
[Round "4.8"]
[White "Firman Syah, Farid"]
[Black "Adhiban, Baskaran"]
[Result "1/2-1/2"]
[WhiteTitle "IM"]
[BlackTitle "GM"]
[WhiteElo "2432"]
[BlackElo "2665"]
[WhiteFideId "7102526"]
[BlackFideId "5018471"]
[EventDate "2016.05.26"]

1. d4 Nf6 2. c4 e6 3. g3 Bb4+ 4. Bd2 c5 5. Bxb4 cxb4 6. Bg2 a5 7. e4 d6 8. Ne2
O-O 9. O-O e5 10. a3 Na6 11. axb4 axb4 12. Nd2 Bg4 13. h3 Bxe2 14. Qxe2 Re8 15.
Qd3 h6 16. Kh2 Nd7 17. f4 exd4 18. Qxd4 Ndc5 19. Rad1 Qf6 20. Nb1 Rad8 21. Rfe1
Qxd4 22. Rxd4 Nb3 23. Rd5 Nac5 24. Nd2 Na5 25. e5 b6 26. Ne4 dxe5 27. Nxc5 Rxd5
28. Bxd5 bxc5 29. Ra1 Nb3 30. Ra7 Rf8 31. fxe5 g5 32. h4 g4 33. Rc7 Nc1 34. Rxc5
Nd3 35. Rc6 Kg7 36. b3 Ra8 37. Rb6 Ra2+ 38. Kg1 Re2 39. Rb7 Re1+ 40. Kg2 Re2+
41. Kg1 Rxe5 42. Rxf7+ Kg6 43. Rb7 Re1+ 44. Kg2 Re2+ 45. Kg1 Re3 46. Kg2 Kf6 47.
c5 Re2+ 48. Kf1 Re1+ 49. Kg2 Ke5 50. Bc4 Re2+ 51. Kf1 Re1+ 52. Kg2 Re2+ 53. Kf1
Re1+ 1/2-1/2

[Event "15th Asian Continental"]
[Site "Tashkent UZB"]
[Date "2016.05.29"]
[Round "4.9"]
[White "Vidit, Santosh Gujrathi"]
[Black "Tin, Jingyao"]
[Result "1-0"]
[WhiteTitle "GM"]
[BlackTitle "IM"]
[WhiteElo "2658"]
[BlackElo "2427"]
[WhiteFideId "5029465"]
[BlackFideId "5804418"]
[EventDate "2016.05.26"]

1. d4 Nf6 2. c4 e6 3. Nf3 Bb4+ 4. Bd2 a5 5. g3 d6 6. Bg2 Nbd7 7. O-O e5 8. Bg5
exd4 9. Nxd4 O-O 10. Nc2 Bc5 11. Nc3 h6 12. Be3 Re8 13. b3 Bxe3 14. Nxe3 Nc5 15.
Qd4 Bd7 16. Rfe1 Qe7 17. Ned5 Nxd5 18. Nxd5 Qd8 19. e4 Bc6 20. e5 Qd7 21. Re3
Rad8 22. Rae1 b6 23. exd6 Qxd6 24. Ne7+ Qxe7 25. Rxe7 Rxd4 26. Bxc6 Rxe7 27.
Rxe7 Rd2 28. a3 Rb2 29. b4 axb4 30. axb4 Rxb4 31. Rxc7 Rxc4 32. Bd5 Rd4 33. Rc8+
Kh7 34. Bxf7 Ne4 35. Bb3 g5 36. Bc2 Kg7 37. Rc7+ Kf8 38. Rc6 Kg7 39. Re6 Nf6 40.
Rxb6 Rd2 41. Bf5 Re2 42. Be6 Ne4 43. Rb7+ Kg6 44. Bf7+ Kf6 45. Bh5 Rd2 46. Rf7+
Ke6 47. Rf8 Nf6 48. Bg6 Ke7 49. Rf7+ Ke6 1-0

[Event "15th Asian Continental"]
[Site "Tashkent UZB"]
[Date "2016.05.29"]
[Round "4.10"]
[White "Gupta, Abhijeet"]
[Black "Yakubboev, Nodirbek"]
[Result "1/2-1/2"]
[WhiteTitle "GM"]
[WhiteElo "2654"]
[BlackElo "2422"]
[WhiteFideId "5010608"]
[BlackFideId "14203987"]
[EventDate "2016.05.26"]

1. d4 Nf6 2. c4 e6 3. Nf3 b6 4. a3 Ba6 5. Qc2 Bb7 6. Nc3 c5 7. e4 cxd4 8. Nxd4
Bc5 9. Nb3 Nc6 10. Bg5 h6 11. Bh4 Nd4 12. Nxd4 Bxd4 13. Bd3 Be5 14. Bg3 Qb8 15.
Bxe5 Qxe5 16. Qd2 g5 17. O-O h5 18. Rad1 Ng4 19. g3 h4 20. Be2 Nf6 21. Bf3 hxg3
22. hxg3 Kf8 23. Rfe1 Rc8 24. b3 a6 25. a4 Rc5 26. Qd6+ Qxd6 27. Rxd6 Bc6 28.
Re3 Ke7 29. Rd2 Re5 30. Rd4 a5 31. Ne2 g4 32. Bg2 Ne8 33. Nf4 Nd6 34. Kf1 Rh2
35. Kg1 Rh8 36. Kf1 Rh2 37. Kg1 Rh8 1/2-1/2

[Event "15th Asian Continental"]
[Site "Tashkent UZB"]
[Date "2016.05.29"]
[Round "4.11"]
[White "Nguyen, Ngoc Truong Son"]
[Black "Liu, Yan"]
[Result "1-0"]
[WhiteTitle "GM"]
[BlackTitle "FM"]
[WhiteElo "2636"]
[BlackElo "2411"]
[WhiteFideId "12401110"]
[BlackFideId "8608962"]
[EventDate "2016.05.26"]

1. d4 Nf6 2. c4 e6 3. Nf3 Bb4+ 4. Bd2 c5 5. Bxb4 cxb4 6. g3 O-O 7. Bg2 d6 8. O-O
Nc6 9. a3 bxa3 10. Nxa3 e5 11. Nb5 Bg4 12. h3 Bxf3 13. Bxf3 a6 14. dxe5 dxe5 15.
Qxd8 Rfxd8 16. Bxc6 bxc6 17. Nc3 Rdb8 18. Rfb1 Rb4 19. b3 a5 20. Ra3 h6 21. Na2
Rbb8 22. Ra1 Rd8 23. Nb4 Rdc8 24. Nd3 1-0

[Event "15th Asian Continental"]
[Site "Tashkent UZB"]
[Date "2016.05.29"]
[Round "4.12"]
[White "Lu, Shanglei"]
[Black "Cuhendi, Sean Winshand"]
[Result "1-0"]
[WhiteTitle "GM"]
[BlackTitle "IM"]
[WhiteElo "2614"]
[BlackElo "2395"]
[WhiteFideId "8603332"]
[BlackFideId "7101554"]
[EventDate "2016.05.26"]

1. e4 c5 2. Nf3 e6 3. g3 Nc6 4. Bg2 Nf6 5. Nc3 d5 6. exd5 exd5 7. d4 Bg4 8. h3
Bxf3 9. Qxf3 cxd4 10. Nxd5 Nxd5 11. Qxd5 Bb4+ 12. Bd2 Qe7+ 13. Qe4 Qxe4+ 14.
Bxe4 Bxd2+ 15. Kxd2 O-O-O 16. Rhe1 Rhe8 17. Re2 Ne5 18. b3 Kc7 19. Rae1 Nc6 20.
Bxc6 Rxe2+ 21. Rxe2 bxc6 22. Kd3 c5 23. Re5 Kd6 24. Rf5 f6 25. Kc4 Re8 26. Rd5+
Kc6 27. Rxc5+ Kb6 28. Rf5 Rc8+ 29. Kd3 Rc3+ 30. Kd2 a5 31. a4 h6 32. h4 Kc6 33.
h5 Kb6 34. g4 Rh3 35. Rb5+ Ka6 36. Rd5 Rf3 37. Rf5 1-0

[Event "15th Asian Continental"]
[Site "Tashkent UZB"]
[Date "2016.05.30"]
[Round "5.1"]
[White "Le, Quang Liem"]
[Black "Ghaem Maghami, Ehsan"]
[Result "1/2-1/2"]
[WhiteTitle "GM"]
[BlackTitle "GM"]
[WhiteElo "2718"]
[BlackElo "2551"]
[WhiteFideId "12401137"]
[BlackFideId "12500739"]
[EventDate "2016.05.26"]

1. c4 e5 2. Nc3 Nc6 3. Nf3 f5 4. d4 e4 5. d5 exf3 6. dxc6 fxg2 7. cxd7+ Qxd7 8.
Bxg2 Qxd1+ 9. Kxd1 c6 10. Be3 Nf6 11. h3 Be6 12. b3 Nd7 13. Kc2 Bc5 14. Bxc5
Nxc5 15. f4 Ke7 16. h4 Rhd8 17. Rad1 Rxd1 18. Rxd1 a5 19. Rd4 Rf8 20. a3 Ra8 21.
e4 fxe4 22. Bxe4 1/2-1/2